| 000 | 01534nam a2200409 i 4500 | ||
|---|---|---|---|
| 001 | 193334 | ||
| 003 | SpMaBN | ||
| 005 | 20240830194205.0 | ||
| 007 | ta | ||
| 008 | 231102s1996 sp | ||| ||spa | ||
| 016 | 7 |
_abimoBNE19972090168 _2SpMaBN |
|
| 017 |
_aSA 712-1996 _bOficina Depósito Legal Cantabria |
||
| 020 | _a8489013152 | ||
| 035 | _a(OCoLC)733713734 | ||
| 035 | _aMimo0000726596 | ||
| 040 |
_aSpMaBN _bspa _cSpMaBN _erdc _dEs-MaACL |
||
| 080 | _a821.134.2 Pérez Galdós, Benito 2.06 | ||
| 100 | 1 |
_aRebollo Sánchez, Félix _0XX1126269 _eaut _995713 |
|
| 245 | 1 | 0 |
_aNovela y sociedad en Galdós (1870-1878) / _cFéliz Rebollo Sánchez. |
| 260 |
_aSantander : _bTantín, _c[1996] |
||
| 300 |
_a75 páginas ; _c24 cm |
||
| 336 |
_2rdacontent _aTexto |
||
| 337 |
_2rdamedia _asin mediación |
||
| 338 |
_2rdacarrier _avolumen |
||
| 490 | 1 |
_aBiblioteca San Quintín ; _v5 |
|
| 500 | _aÍndice | ||
| 500 | _aCronología galdosiana | ||
| 600 | 1 | 4 |
_aPérez Galdós, Benito, _d1843-1920- _xCrítica e interpretación _2embne _990875 |
| 830 |
_aBiblioteca San Quintín ; _v5 _9234485 |
||
| 852 |
_aES-MaACL _bR.154764 _9200780 _cDEPOJ _jN-9520 _hDonación: Félix Rebollo Sánchez _xEncuadernación rústica con solapas |
||
| 903 |
_aRebollo Sánchez, Félix _ednr _995713 |
||
| 942 |
_n0 _cMONOGRAFIA |
||
| 999 |
_c193334 _d193334 |
||